| 000 | 00576nam a2200181 a 4500 | ||
|---|---|---|---|
| 005 | 20140310183455.0 | ||
| 008 | 090806s19uu xx 00 eng d | ||
| 020 | _a9780470027516 | ||
| 050 |
_aHD 69.B7 _b.G72 2006 |
||
| 100 | _aGrant, John | ||
| 245 |
_aThe brand innovation manifesto : _bhow to build brands, redefine markets and defy conventions / _cJohn Grant |
||
| 260 |
_aEngland : _bJohn Wiley & Son's, _c2006. |
||
| 300 |
_a310 p. : _bill. ; _c23 cm. |
||
| 521 | _aBSBA | ||
| 650 |
_aBrand name products _xSocial aspects. |
||
| 942 |
_cBK _2lcc _kFOR |
||
| 999 |
_c23574 _d23574 |
||